00293nam a22001097a 4500008004100000020001500041082001900056245004600075260004700121300000800168440000700176230623b xxu||||| |||| 00| 0 eng d a9966900624 a330.bSOW 1996 aPolicy Consistency and Inflation in Ghana bAfrican Economic Research Consortiumc1996 a26p n43